| 000 | 00529nam a22001577a 4500 | ||
|---|---|---|---|
| 008 | 230815b |||||||| |||| 00| 0 eng d | ||
| 020 | _a978-0802864581 | ||
| 050 |
_aBT821.3 _b.M44 2018 |
||
| 100 | _aMcDowell, John C. | ||
| 245 |
_aEschatology _cJohn C. McDowell and Scott A. Kirkland |
||
| 260 |
_aGrand Rapids, Michigan _bWilliam B. Berdmans publishing Company _c2018 |
||
| 300 |
_axiii, 151p. _bIncludesbibliographical references and index |
||
| 440 | _aGuides to theology | ||
| 700 | _aKirkland, Scott A. | ||
| 942 |
_2lcc _cBK |
||
| 999 |
_c20233 _d20232 |
||